000 00524nam a2200193Ia 4500
005 20250508151122.0
008 008 250505s9999 xx 000 0 eng d
037 _aTextual
040 _aFEDL
_beng
_cFEDL
041 _aeng
_2eng
084 _a502, BAR
_qFEDL
100 _aBarnard J Darrell
_9758445
245 0 _aBasic science
260 _aNew York, USA
_bThe Macmillan Company
_c1952
300 _avii,631p
700 _a Edwards Lon
_9758446
942 _cTEXL
_h502, BAR
999 _c1327690
_d1327690